000
00316nam a2200133Ia 4500
005
20251222155201.0
008
251222s9999||||xx |||||||||||||| ||spa||
082
_a
ESC. 61
100
_a
FRISANCHO, Ariel.
245
0
_a
Salud Comunitaria en el Ande Peruano
250
_a
1ra. ed.
264
_b
PSCTA
942
_c
LIB
999
_c
39931
_d
39931